Statistics for CAN YOU GUESS ALL THE R6S OPERATORS?

Click here to take the quiz!

General Stats

  • This quiz has been taken 73 times
  • The average score is 38 of 50

Answer Stats

COUNTRYOPERATOR% Correct
UKMUTE
95%
UKSLEDGE
95%
FRANCETWITCH
95%
USABLACKBEARD
93%
USACASTLE
93%
RUSSIAKAPKAN
93%
UKSMOKE
93%
FRANCEDOC
90%
RUSSIAFUZE
90%
GERMANYJAGER
90%
USATHERMITE
90%
USAASH
88%
GERMANYBLITZ
88%
CANADABUCK
88%
CANADAFROST
88%
RUSSIAGLAZ
88%
USAPULSE
86%
RUSSIATACHANKA
86%
UKTHATCHER
86%
GERMANYBANDIT
83%
GERMANYIQ
83%
FRANCEMONTAGNE
83%
FRANCEROOK
83%
BRAZILCAPITAO
81%
JAPANHIBANA
81%
SPAINMIRA
79%
AUSTRALIAMOZZIE
76%
BRAZILCAVEIRA
74%
JAPANECHO
71%
SPAINJACKAL
71%
MOROCCOKAID
69%
HONG KONGLESION
69%
FRANCELION
69%
USAVALKYRIE
69%
HONG KONGYING
69%
ITALYALIBI
67%
FRANCE/RUSSIAFINKA
67%
SOUTH KOREAVIGIL
67%
MOROCCONOMAD
64%
POLANDELA
62%
AUSTRALIAGRIDLOCK
62%
ITALYMAESTRO
62%
POLANDZOFIA
62%
SOUTH KOREADOKKAEBI
60%
MEXICOGOYO
60%
USAMAVERICK
52%
USACLASH
50%
PERUAMARU
45%
USANOKK
45%
USAWARDEN
45%

Score Distribution

Percentile by Number Answered

Percent of People with Each Score

Your Score History

You have not taken this quiz